000 00567nam a2200193Ia 4500
003 OSt
005 20230323121450.0
008 221216s9999||||xx |||||||||||||| ||und||
020 _a9780073223605
040 _cChuka University Library
050 _aHG 4026
_b .C67 2007
100 _aStephen A. Ross…[et al]
_91814
245 0 _aCorporate finance: core principles and applications/
260 _aMcgraw hill
_bBoston
_c2007
300 _a686 P.
_bIncludes Index
650 _aCorporate Finance
_99316
700 _aWesterfield , R W.
_99319
942 _cBK
_2lcc
999 _c2582
_d2582